Statistics for Atlantic Ocean General Knowledge

Click here to take the quiz!

General Stats

  • This quiz has been taken 17,805 times
  • The average score is 15 of 20

Answer Stats

QuestionAnswer% Correct
What canal connects the Atlantic to the Pacific?{Panama} Canal
93%
What body of water separates England and France?English Channel
92%
What sea borders Great Britain, the Netherlands, and Denmark?{North} Sea
88%
Besides the U.S. and Mexico, what country borders the Gulf of Mexico?Cuba
86%
What English explorer is the namesake of a river in New York and a bay in Canada?Henry Hudson
84%
What is the most populous urban area that borders the Atlantic Ocean?New York City
84%
What strait connects the Mediterranean to the Atlantic proper?Strait of {Gibraltar}
82%
What group of islands, owned by Spain, are located near the coast of Morocco?{Canary} Islands
81%
What country controls the territory of Bermuda?United Kingdom
81%
What sea includes the gulfs of Finland and Bothnia?Baltic Sea
78%
What sea borders 25 different countries, more than any other sea?{Caribbean} Sea
73%
What city is home to Ipanema and Copacabana beaches?Rio de Janeiro
73%
What bay is located north of Spain and west of France?Bay of {Biscay}
70%
What country is located on the Mid-Atlantic Ridge?Iceland
69%
What is the capital of the Bahamas?Nassau
68%
Which group of people were the first to settle on both sides of the Atlantic?Vikings
65%
On what island would you find St. John's - the easternmost city in Canada?Newfoundland
64%
What Portuguese island group lies about 1,600 kilometers west of Lisbon?The {Azores}
63%
What city, starting with D, is the westernmost city on the mainland of Africa?Dakar
62%
What island group includes St. Thomas, St. Croix, and St. John?{Virgin} Islands
49%

Score Distribution

Percentile by Number Answered

Percent of People with Each Score

Your Score History

You have not taken this quiz